Essential quantitative methods (Record no. 5839)
[ view plain ]
| 000 -LEADER | |
|---|---|
| fixed length control field | 00531 a2200181 4500 |
| 001 - CONTROL NUMBER | |
| control field | 131319 |
| 003 - CONTROL NUMBER IDENTIFIER | |
| control field | OSt |
| 005 - DATE AND TIME OF LATEST TRANSACTION | |
| control field | 20210910165836.0 |
| 008 - FIXED-LENGTH DATA ELEMENTS--GENERAL INFORMATION | |
| fixed length control field | |
| 082 ## - DEWEY DECIMAL CLASSIFICATION NUMBER | |
| Classification number | 650.01513 |
| Item number | O4E |
| 100 1# - MAIN ENTRY--PERSONAL NAME | |
| Personal name | Oakshott, Les |
| 245 1# - TITLE STATEMENT | |
| Title | Essential quantitative methods |
| Statement of responsibility, etc | by Les Oakshott |
| 260 ## - PUBLICATION, DISTRIBUTION, ETC. (IMPRINT) | |
| Place of publication, distribution, etc | New york |
| Name of publisher, distributor, etc | Palgrave macmillan |
| Date of publication, distribution, etc | 2009 |
| 300 ## - PHYSICAL DESCRIPTION | |
| Extent | 510p. |
| 490 ## - SERIES STATEMENT | |
| Volume number/sequential designation | Business mathematics; Finance--Mathematical models; Industrial management--Mathematical models |
| 690 ## - LOCAL SUBJECT ADDED ENTRY--TOPICAL TERM (OCLC, RLIN) | |
| Topical term or geographic name as entry element | Management; |
| 942 ## - ADDED ENTRY ELEMENTS (KOHA) | |
| Source of classification or shelving scheme | Dewey Decimal Classification |
| Koha item type | Books |
| Withdrawn status | Lost status | Source of classification or shelving scheme | Damaged status | Not for loan | Collection code | Home library | Current library | Date acquired | Source of acquisition | Cost, normal purchase price | Full call number | Barcode | Date last seen | Price effective from | Koha item type |
|---|---|---|---|---|---|---|---|---|---|---|---|---|---|---|---|
| Dewey Decimal Classification | General Text Book | Central University Of Rajasthan | Central University Of Rajasthan | 08/06/2012 | MGM | 8.99 | 650.01513 O4E | 7397 | 21/11/2024 | 02/09/2020 | Books |
